000
00209nam a22000857a 4500
001
1235219
005
20250930112706.0
245
_a
HAKLAR VE ÖDEVLER
_c
BRIGITTE LABBE
260
_b
GÜNIŞIĞI KİTAPLIĞI YAYINLARI
999
_c
1235219
_d
1235219